[Event "Mecklenburg VP-ch Seniors 01st"]
[Site "Plau am See"]
[Date "2001.10.12"]
[Round "8"]
[White "Kuehn, Peter1111"]
[Black "Rettler, Heinz"]
[Result "1/2-1/2"]
[WhiteElo "2003"]
[BlackElo "2094"]
[PlyCount "120"]
[EventDate "2001.10.??"]
[EventType "swiss"]
[EventRounds "9"]
[EventCountry "GER"]
[SourceTitle "EXT 2006"]
[Source "ChessBase"]
[SourceDate "2005.11.24"]
[SourceVersion "1"]
[SourceVersionDate "2005.11.24"]
[SourceQuality "1"]

1. e4 e6 2. d3 d5 3. Nd2 Nf6 4. Ngf3 Be7 5. g3 0-0 6. Bg2 c5 7. 0-0 Nc6 8. Re1 b5 9. e5 Nd7 10. a4 b4 11. Nf1 a5 12. h4 Ba6 13. N1h2 Qc7 14. Bf4 Nb6 15. h5 h6 16. Qd2 Nd4 17. Nxd4 cxd4 18. Ng4 Qd8 19. b3 Bg5 20. Bxg5 Qxg5 21. Qxg5 hxg5 22. Re2 Rac8 23. Nh2 Rc7 24. Nf3 Rfc8 25. Nxd4 Kh7 26. Bh3 Kh6 27. Bg4 Nd7 28. f4 gxf4 29. gxf4 Nb8 30. Ra2 Nc6 31. Nf3 Ne7 32. Nd4 Nc6 33. Nf3 Ne7 34. Kh1 Rc3 35. Nd4 Nc6 36. Nxe6 fxe6 37. Bxe6 Nd4 38. Bxc8 Nxe2 39. Bxa6 Nxf4 40. Bb5 Nxh5 41. Bd7 Rc7 42. e6 Nf6 43. Ra1 Nxd7 44. exd7 Rxd7 45. Rg1 Rc7 46. Rg2 g5 47. Kh2 Kh5 48. Kg3 Re7 49. Rh2+ Kg6 50. Rf2 Rc7 51. Kg4 Rh7 52. Rf8 Rh4+ 53. Kg3 Rh1 54. Ra8 Rc1 55. Rxa5 Rxc2 56. Rb5 Rc3 57. Rxb4 Rxd3+ 58. Kg4 Kf6 59. a5 Rd1 60. a6 d4 1/2-1/2

[Event "Bad Bevensen Seniors op 4th"]
[Site "Bad Bevensen"]
[Date "2001.06.25"]
[Round "5"]
[White "Didzuhn, Werner"]
[Black "Rettler, Heinz"]
[Result "1/2-1/2"]
[WhiteElo "1799"]
[BlackElo "2094"]
[PlyCount "69"]
[EventDate "2001.06.??"]
[EventType "swiss"]
[EventRounds "9"]
[EventCountry "GER"]
[SourceTitle "EXT 2006"]
[Source "ChessBase"]
[SourceDate "2005.11.24"]
[SourceVersion "1"]
[SourceVersionDate "2005.11.24"]
[SourceQuality "1"]

1. e4 e6 2. d3 d5 3. Nd2 Nf6 4. Ngf3 Be7 5. c3 c5 6. g3 0-0 7. Bg2 Nc6 8. 0-0 b5 9. e5 Nd7 10. Re1 a5 11. Nf1 Ba6 12. h4 Qc7 13. Bf4 b4 14. Ne3 bxc3 15. bxc3 Rab8 16. Nxd5 exd5 17. e6 Bd6 18. Bxd6 Qxd6 19. exd7 Qxd7 20. Ne5 Nxe5 21. Rxe5 Bb7 22. Rb1 Bc6 23. Rxb8 Rxb8 24. Qe1 h6 25. Re7 Qd6 26. d4 cxd4 27. cxd4 Rb4 28. Ra7 a4 29. Rc7 Rxd4 30. Rc8+ Kh7 31. Bh3 g6 32. h5 Bb7 33. Rb8 Qxb8 34. Qe7 Kh8 35. Qf6+ 1/2-1/2

[Event "Bad Bevensen Seniors op 4th"]
[Site "Bad Bevensen"]
[Date "2001.06.24"]
[Round "9"]
[White "Habermann, Arno"]
[Black "Rettler, Heinz"]
[Result "1-0"]
[WhiteElo "1977"]
[BlackElo "2094"]
[PlyCount "155"]
[EventDate "2001.06.??"]
[EventType "swiss"]
[EventRounds "9"]
[EventCountry "GER"]
[SourceTitle "EXT 2006"]
[Source "ChessBase"]
[SourceDate "2005.11.24"]
[SourceVersion "1"]
[SourceVersionDate "2005.11.24"]
[SourceQuality "1"]

1. e4 e6 2. d4 d5 3. Nc3 Bb4 4. e5 Ne7 5. a3 Bxc3+ 6. bxc3 c5 7. a4 Qa5 8. Bd2 Nbc6 9. Bd3 c4 10. Be2 Bd7 11. Bh5 0-0-0 12. Ne2 f6 13. f4 Rdf8 14. 0-0 fxe5 15. fxe5 g6 16. Bg4 Nf5 17. Qc1 Nce7 18. Bg5 h5 19. Bh3 Rhg8 20. Qa3 Nc6 21. Rfb1 Nd8 22. Qb2 Bc6 23. Nf4 Re8 24. g3 Nf7 25. Bf6 N7h6 26. Qa3 Kb8 27. Rb2 Qc7 28. a5 a6 29. Rb6 Qd7 30. Qc5 Rc8 31. Qb4 Rce8 32. Re1 Rc8 33. Bg5 Nf7 34. Bf6 N7h6 35. Rf1 Rce8 36. Ne2 Rc8 37. Nc1 Ne3 38. Rf2 Nhg4 39. Re2 Nxf6 40. Rxe3 Ne4 41. Bg2 Ng5 42. h4 Nf7 43. Rf3 Nh6 44. Bh3 Nf5 45. Ne2 Rg7 46. Nf4 Rh8 47. Bxf5 gxf5 48. Nh3 Rhg8 49. Ng5 Rc8 50. Kg2 Re8 51. Qa3 Rc8 52. Rf1 Re8 53. Kh3 Qe7 54. Qc1 Qd7 55. Qd2 Rc8 56. Rfb1 Ka7 57. Qf4 Rcg8 58. Qf3 Ka8 59. Qxh5 Qe7 60. Rg1 Ka7 61. Rbb1 Bd7 62. Qh6 Rg6 63. Qh5 Qa3 64. Qf3 Qxa5 65. Nh7 Rh8 66. Nf6 Bb5 67. Ra1 Qc7 68. Nh5 Rgh6 69. Nf4 Qf7 70. Kg2 Rg8 71. Kf2 Qg7 72. Rgb1 Kb8 73. Ne2 Rg6 74. Rh1 Rh6 75. Qf4 Rgh8 76. Ng1 Rg6 77. Qf3 Rgh6 78. Ne2 1-0

[Event "Bad Bevensen Seniors op 4th"]
[Site "Bad Bevensen"]
[Date "2001.06.21"]
[Round "6"]
[White "Hunold, Rolf"]
[Black "Rettler, Heinz"]
[Result "1/2-1/2"]
[WhiteElo "2203"]
[BlackElo "2094"]
[PlyCount "96"]
[EventDate "2001.06.??"]
[EventType "swiss"]
[EventRounds "9"]
[EventCountry "GER"]
[SourceTitle "EXT 2006"]
[Source "ChessBase"]
[SourceDate "2005.11.24"]
[SourceVersion "1"]
[SourceVersionDate "2005.11.24"]
[SourceQuality "1"]

1. e4 e6 2. d4 d5 3. Nc3 Bb4 4. e5 Ne7 5. a3 Bxc3+ 6. bxc3 c5 7. a4 Qa5 8. Bd2 c4 9. Qc1 Nbc6 10. g3 Bd7 11. Bh3 0-0-0 12. Ne2 Ng6 13. 0-0 f6 14. f4 f5 15. Qa3 Nce7 16. Bg2 Bc6 17. Rfb1 Rd7 18. Kf2 Kb8 19. Ng1 Nc8 20. Qb4 Qc7 21. Bc1 Ka8 22. Nf3 h6 23. a5 a6 24. Ba3 Bb5 25. Qb2 Bc6 26. Bc5 Nge7 27. Qa3 Rg8 28. Rh1 Rh8 29. Rhe1 Rg8 30. Reb1 Re8 31. Qc1 Rg8 32. Ra2 Bb5 33. Raa1 Bc6 34. Qa3 Re8 35. Rh1 Bb5 36. Ra2 Nc6 37. Raa1 N6e7 38. Bf1 Rg8 39. Be2 Rdd8 40. Rab1 Bc6 41. Rb2 Rd7 42. Rhb1 Re8 43. Qa1 Rg8 44. Ra2 Re8 45. Rb6 Nxb6 46. axb6 Qc8 47. Qb2 Qd8 48. Qa1 Qc8 1/2-1/2

[Event "GER-ch Seniors 13th"]
[Site "Dresden"]
[Date "2001.??.??"]
[Round "6"]
[White "Kripp, Wolfgang"]
[Black "Rettler, Heinz"]
[Result "1/2-1/2"]
[WhiteElo "2202"]
[BlackElo "2094"]
[PlyCount "47"]
[EventDate "2001.07.??"]
[EventType "swiss"]
[EventRounds "9"]
[EventCountry "GER"]
[SourceTitle "CBM 084 Extra"]
[Source "ChessBase"]
[SourceDate "2001.10.26"]
[SourceVersion "1"]
[SourceVersionDate "2001.10.26"]
[SourceQuality "1"]

1. e4 c6 2. d4 d5 3. f3 e6 4. Be3 Nf6 5. Nd2 Be7 6. c3 b6 7. Nh3 Bb7 8. Bd3 c5 9. 0-0 0-0 10. Qe2 Nc6 11. e5 Nd7 12. Rac1 Rc8 13. Kh1 cxd4 14. cxd4 Nb4 15. Bb5 a6 16. Bxd7 Qxd7 17. a3 Nc6 18. Qd3 f6 19. exf6 Bxf6 20. Bg5 Qe7 21. f4 h6 22. Bxf6 Qxf6 23. Nf3 Qf5 24. Qe3 1/2-1/2

[Event "GER-ch Seniors 13th"]
[Site "Dresden"]
[Date "2001.??.??"]
[Round "5"]
[White "Rettler, Heinz"]
[Black "Davydov, Mihail"]
[Result "1-0"]
[WhiteElo "2094"]
[BlackElo "2149"]
[PlyCount "133"]
[EventDate "2001.07.??"]
[EventType "swiss"]
[EventRounds "9"]
[EventCountry "GER"]
[SourceTitle "CBM 084 Extra"]
[Source "ChessBase"]
[SourceDate "2001.10.26"]
[SourceVersion "1"]
[SourceVersionDate "2001.10.26"]
[SourceQuality "1"]

1. e4 c5 2. Nf3 Nc6 3. d4 cxd4 4. Nxd4 g6 5. Nc3 Bg7 6. Be3 Nf6 7. Be2 d6 8. Qd2 Bd7 9. f3 Qa5 10. Nb3 Qc7 11. 0-0-0 Na5 12. Nxa5 Qxa5 13. Kb1 a6 14. g4 Bc6 15. h4 h5 16. g5 Nd7 17. Nd5 Bxd5 18. Qxa5 Bc6 19. Qd2 0-0 20. Bd4 Rfc8 21. Bxg7 Kxg7 22. Rhf1 Kg8 23. Bd3 Nc5 24. Rf2 e5 25. Re1 Ne6 26. c3 Rd8 27. Bc4 Nf4 28. Bd5 Rac8 29. c4 Rc7 30. Rc1 b6 31. Rff1 Bd7 32. Rc2 a5 33. Rfc1 Kg7 34. Ka1 Rf8 35. Rb1 Rfc8 36. Rbc1 Be8 37. b3 Bd7 38. a3 Ra7 39. Qe3 Rb8 40. Ka2 Be8 41. Rb2 Rc7 42. Rbc2 Ra7 43. Kb2 Rc7 44. Ka2 Ra7 45. Rb2 Rc7 46. b4 a4 47. c5 bxc5 48. bxc5 Rxb2+ 49. Kxb2 dxc5 50. Ka2 Ng2 51. Qc3 f6 52. gxf6+ Kxf6 53. Qa5 Re7 54. Qb6+ Kg7 55. Qxc5 Rd7 56. Qf2 Nf4 57. Rc2 Nxd5 58. exd5 Bf7 59. Kb2 Bxd5 60. Qe3 Rb7+ 61. Kc1 Re7 62. f4 Bb3 63. Rc6 e4 64. Qd4+ Kh7 65. Qf6 Rg7 66. Qe5 Rd7 67. Rc7 1-0

[Event "GER-ch Seniors 13th"]
[Site "Dresden"]
[Date "2001.??.??"]
[Round "7"]
[White "Rettler, Heinz"]
[Black "Franck, Rudolf"]
[Result "1/2-1/2"]
[WhiteElo "2094"]
[BlackElo "2212"]
[PlyCount "46"]
[EventDate "2001.07.??"]
[EventType "swiss"]
[EventRounds "9"]
[EventCountry "GER"]
[SourceTitle "CBM 084 Extra"]
[Source "ChessBase"]
[SourceDate "2001.10.26"]
[SourceVersion "1"]
[SourceVersionDate "2001.10.26"]
[SourceQuality "1"]

1. e4 d6 2. d4 Nf6 3. Nc3 g6 4. f4 Bg7 5. Nf3 0-0 6. Bd3 Nc6 7. 0-0 Nb4 8. Be2 d5 9. e5 Ne4 10. Nxe4 dxe4 11. Ne1 f5 12. c3 Nd5 13. Nc2 c6 14. c4 Nc7 15. b3 Ne6 16. d5 cxd5 17. cxd5 Nc7 18. Ne3 Bd7 19. a4 g5 20. g3 gxf4 21. gxf4 Kh8 22. Kh1 Be8 23. Ba3 Bg6 1/2-1/2